[Event "Yuzhny op"]
[Site "Yuzhny"]
[Date "2011.09.07"]
[Round "8"]
[White "Olenichev, Dmitriy"]
[Black "Avetisian, Tigran"]
[Result "1/2-1/2"]
[WhiteElo "2271"]
[BlackElo "2016"]
[PlyCount "71"]
[EventDate "2011.09.03"]
[EventType "swiss"]
[EventRounds "9"]
[EventCountry "UKR"]
[SourceTitle "CBM 144 Extra"]
[Source "ChessBase"]
[SourceDate "2011.10.28"]
[SourceVersion "1"]
[SourceVersionDate "2011.10.28"]
[SourceQuality "1"]

1. e4 c5 2. Nf3 Nc6 3. d4 cxd4 4. Nxd4 e5 5. Nb5 d6 6. c4 Be6 7. N1c3 a6 8. Na3 Rc8 9. Bd3 Be7 10. 0-0 Nf6 11. b3 0-0 12. Nc2 Kh8 13. Bb2 Qa5 14. a4 Qb6 15. Ne3 Nd4 16. Ncd5 Nxd5 17. exd5 Bd7 18. Bxd4 exd4 19. Nf5 Bf6 20. Ng3 g6 21. a5 Qb4 22. Ne4 Bg7 23. Qd2 Qxd2 24. Nxd2 f5 25. Rfe1 Bf6 26. Kf1 Rb8 27. f4 g5 28. fxg5 Bxg5 29. Nf3 Be3 30. Red1 f4 31. Be2 Rg8 32. Nxd4 Rg6 33. Bf3 Rbg8 34. Ra2 Rh6 35. Nc2 Ba7 36. Nd4 1/2-1/2

[Event "UKR-ch sf U18"]
[Site "Kharkov"]
[Date "2008.10.05"]
[Round "4"]
[White "Olenichev, Dmitriy"]
[Black "Mazurchak, Bogdan"]
[Result "1-0"]
[WhiteElo "2224"]
[BlackElo "2132"]
[PlyCount "121"]
[EventDate "2008.10.02"]
[EventType "swiss"]
[EventRounds "9"]
[EventCountry "UKR"]
[SourceTitle "CBM 126 Extra"]
[Source "ChessBase"]
[SourceDate "2008.11.05"]
[SourceVersion "1"]
[SourceVersionDate "2008.11.05"]
[SourceQuality "1"]

1. e4 c5 2. Nf3 e6 3. d4 cxd4 4. Nxd4 a6 5. Nc3 Qc7 6. Bd3 Nc6 7. Nb3 Nf6 8. f4 d6 9. Be3 b5 10. 0-0 Bb7 11. Qe2 Be7 12. a4 b4 13. Nb1 a5 14. c4 Nd7 15. N1d2 0-0 16. Nf3 e5 17. f5 f6 18. c5 Nd8 19. cxd6 Bxd6 20. Rac1 Qb8 21. Bb5 Rf7 22. Qd3 Nf8 23. Rfd1 Be7 24. Bc4 g6 25. fxg6 hxg6 26. Bxf7+ Nxf7 27. Nc5 Bxc5 28. Bxc5 Ne6 29. Be3 Qe8 30. b3 Rd8 31. Qb1 Rxd1+ 32. Rxd1 Qc6 33. Rc1 Qa6 34. Nd2 Nd6 35. Rf1 Kg7 36. Qe1 g5 37. Qf2 Nf4 38. Bxf4 gxf4 39. g3 Qd3 40. gxf4 Nxe4 41. Nxe4 Qxe4 42. Qg3+ Kf7 43. h3 Qd4+ 44. Kh2 e4 45. f5 Bd5 46. Rg1 Qe5 47. Qxe5 fxe5 48. Kg3 Kf6 49. h4 Bf7 50. Kg2 Kxf5 51. Kf2 Kf6 52. Ke3 Bxb3 53. h5 Bf7 54. h6 Bg6 55. Rg2 Kf5 56. Rh2 Bh7 57. Rg2 Bg6 58. Rh2 Bh7 59. Rc2 b3 60. Rb2 Bg8 61. Rxb3 1-0

[Event "UKR-ch sf U16"]
[Site "Kherson"]
[Date "2007.11.19"]
[Round "4"]
[White "Olenichev, Dmitriy"]
[Black "Mostovoy, Daniil"]
[Result "1-0"]
[WhiteElo "2261"]
[BlackElo "2130"]
[PlyCount "71"]
[EventDate "2007.11.16"]
[EventType "swiss"]
[EventRounds "9"]
[EventCountry "UKR"]
[SourceTitle "EXT 2023"]
[Source "ChessBase"]
[SourceDate "2022.10.05"]
[SourceVersion "1"]
[SourceVersionDate "2022.10.05"]
[SourceQuality "1"]

1. e4 e6 2. d3 g6 3. g3 Bg7 4. Bg2 Ne7 5. Nf3 d6 6. 0-0 0-0 7. d4 Nd7 8. Nc3 b6 9. e5 Bb7 10. exd6 cxd6 11. Re1 Nf5 12. Bf4 Nf6 13. h3 a6 14. g4 Ne7 15. Bh2 Ned5 16. Ne2 Rc8 17. Nd2 b5 18. g5 Ne8 19. Ne4 Nb4 20. c3 Bxe4 21. Bxe4 Qxg5+ 22. Bg3 Nc6 23. h4 Qd8 24. d5 Ne5 25. dxe6 fxe6 26. Nd4 Qd7 27. Nxe6 Qa7 28. Nxf8 Kxf8 29. h5 Rc7 30. hxg6 hxg6 31. a4 Qc5 32. Qe2 Nf6 33. axb5 axb5 34. Bg2 Nh5 35. Bxe5 Bxe5 36. Ra6 1-0

[Event "UKR-ch qual"]
[Site "Alushta"]
[Date "2007.05.18"]
[Round "8"]
[White "Lomakin, Viktor"]
[Black "Olenichev, Dmitriy"]
[Result "0-1"]
[WhiteElo "2097"]
[BlackElo "2206"]
[PlyCount "56"]
[EventDate "2007.05.11"]
[EventType "swiss"]
[EventRounds "9"]
[EventCountry "UKR"]
[SourceTitle "EXT 2008"]
[Source "ChessBase"]
[SourceDate "2007.11.25"]
[SourceVersion "1"]
[SourceVersionDate "2007.11.25"]
[SourceQuality "1"]

1. d4 Nf6 2. Nf3 e6 3. Bg5 h6 4. Bh4 d6 5. e3 Nbd7 6. c4 b6 7. Nc3 Bb7 8. Qa4 Be7 9. Nd2 0-0 10. f3 c5 11. Bf2 d5 12. cxd5 cxd4 13. exd4 Nxd5 14. Nxd5 Bxd5 15. Ba6 Nb8 16. Bd3 a6 17. Rd1 b5 18. Qc2 Nc6 19. a3 Rc8 20. Qb1 Bh4 21. 0-0 Bxf2+ 22. Rxf2 Nxd4 23. Bh7+ Kh8 24. Qd3 Qb6 25. Ne4 e5 26. Nc3 Bc4 27. Qe4 Rcd8 28. Qb1 f5 0-1

[Event "UKR-ch qual"]
[Site "Alushta"]
[Date "2007.05.17"]
[Round "7"]
[White "Olenichev, Dmitriy"]
[Black "Stets, Vasilij"]
[Result "0-1"]
[WhiteElo "2206"]
[BlackElo "2335"]
[PlyCount "172"]
[EventDate "2007.05.11"]
[EventType "swiss"]
[EventRounds "9"]
[EventCountry "UKR"]
[SourceTitle "EXT 2008"]
[Source "ChessBase"]
[SourceDate "2007.11.25"]
[SourceVersion "1"]
[SourceVersionDate "2007.11.25"]
[SourceQuality "1"]

1. e4 c5 2. Nf3 Nc6 3. d4 cxd4 4. Nxd4 g6 5. Nc3 Bg7 6. Be3 Nf6 7. Bc4 0-0 8. Bb3 a5 9. f3 d5 10. exd5 Nb4 11. Nde2 a4 12. Nxa4 Nfxd5 13. Bf2 b5 14. Nb6 Nxb6 15. Qxd8 Rxd8 16. Bxb6 Be6 17. Bxd8 Bxb3 18. 0-0-0 Nxa2+ 19. Kb1 Bc4 20. Bxe7 Bxe2 21. Rd8+ Rxd8 22. Bxd8 Bc4 23. Re1 h5 24. Ba5 b4 25. Re3 Bh6 26. Re4 Bd5 27. Rd4 Be6 28. Bxb4 Nxb4 29. Rxb4 Kf8 30. Rd4 Ke7 31. b3 Bg7 32. Rd2 Bc3 33. Rd3 Be5 34. h3 h4 35. Kc1 Bf5 36. Re3 Kd6 37. Re2 Bc3 38. Re3 Bf6 39. Re2 Kd5 40. Kd2 Kc5 41. Re8 Kd6 42. c3 Kd5 43. Ra8 Bg5+ 44. Ke2 Kc6 45. Ra5 Bd8 46. Ra8 Bc7 47. Ra4 g5 48. Ke3 Bc2 49. Ra3 Bb6+ 50. Kd2 Bf5 51. Ra8 Bc7 52. Ra6+ Kb5 53. Ra8 Bf4+ 54. Kd1 Bd3 55. Ra2 f6 56. Ke1 Be3 57. Kd1 Bf4 58. Ke1 Kc6 59. Kd1 Kb5 60. Ke1 Bg3+ 61. Kd2 Bb1 62. Rb2 Bf4+ 63. Ke2 Bf5 64. Kd1 Bd3 65. Ra2 Kc5 66. Ke1 Kd5 67. Kd1 Be3 68. Ra5+ Ke6 69. Ke1 Bf4 70. b4 Bg3+ 71. Kd1 Bf1 72. Ra2 Kd5 73. Rd2+ Kc4 74. Kc2 Be5 75. Rd8 Bxg2 76. Rc8+ Kb5 77. Kb3 Bxh3 78. c4+ Kb6 79. c5+ Kb5 80. Ra8 Be6+ 81. Ka3 h3 82. Ra5+ Kc6 83. Ra6+ Kd5 84. Ra8 f5 85. Ka4 Bd7+ 86. Ka5 h2 0-1

[Event "UKR-ch qual"]
[Site "Alushta"]
[Date "2007.05.12"]
[Round "2"]
[White "Olenichev, Dmitriy"]
[Black "Chernoukhov, Alexandr"]
[Result "1-0"]
[WhiteElo "2206"]
[BlackElo "1895"]
[PlyCount "55"]
[EventDate "2007.05.11"]
[EventType "swiss"]
[EventRounds "9"]
[EventCountry "UKR"]
[SourceTitle "EXT 2008"]
[Source "ChessBase"]
[SourceDate "2007.11.25"]
[SourceVersion "1"]
[SourceVersionDate "2007.11.25"]
[SourceQuality "1"]

1. e4 c5 2. Nf3 d6 3. d4 cxd4 4. Nxd4 Nf6 5. Nc3 a6 6. Bc4 e6 7. Bb3 b5 8. a3 Bb7 9. Qe2 Nbd7 10. Ba2 Nc5 11. f3 Qc7 12. Be3 Be7 13. g4 0-0 14. 0-0-0 Rfd8 15. h4 Rd7 16. h5 d5 17. g5 e5 18. Nf5 d4 19. Nxe7+ Rxe7 20. gxf6 Rd7 21. Qg2 Ne6 22. Nd5 Qc5 23. Bh6 Bxd5 24. exd5 Rxd5 25. Bxg7 Nf4 26. Qg4 Rc8 27. Bh8+ Ng6 28. Rd2 1-0

[Event "UKR-ch sf"]
[Site "Alushta"]
[Date "2006.05.18"]
[Round "6"]
[White "Olenichev, Dmitriy"]
[Black "Molchanov, Nikolay"]
[Result "0-1"]
[WhiteElo "2101"]
[BlackElo "2307"]
[PlyCount "158"]
[EventDate "2006.05.13"]
[EventType "swiss"]
[EventRounds "9"]
[EventCountry "UKR"]
[SourceTitle "CBM 112 Extra"]
[Source "ChessBase"]
[SourceDate "2006.07.14"]
[SourceVersion "1"]
[SourceVersionDate "2006.07.14"]
[SourceQuality "1"]

1. e4 g6 2. d4 Nf6 3. Nc3 d5 4. e5 Nh5 5. Be2 Ng7 6. Bh6 Nf5 7. Bxf8 Kxf8 8. g4 Ng7 9. Qd2 h5 10. f3 c6 11. 0-0-0 b5 12. h3 Nd7 13. Bd3 Nb6 14. Nge2 Nc4 15. Bxc4 bxc4 16. Kb1 Rb8 17. f4 e6 18. Na4 Ne8 19. Nc5 Qb6 20. c3 Nc7 21. Ng3 h4 22. Nf1 Na6 23. Nxa6 Qxa6 24. Ne3 Bd7 25. Rhf1 Ke7 26. f5 gxf5 27. gxf5 Rbg8 28. Rg1 exf5 29. Qf2 Qc8 30. Rxg8 Qxg8 31. Rg1 Qh7 32. Ka1 Kf8 33. a3 Rg8 34. Rxg8+ Kxg8 35. Ng2 Qh5 36. Qxh4 Qxh4 37. Nxh4 f4 38. Kb1 Bxh3 39. Kc1 Kg7 40. Kd2 Kh6 41. Ke1 Kg5 42. Nf3+ Kf5 43. Kf2 Bg4 44. Nd2 Bd1 45. Ke1 Bc2 46. Kf2 a5 47. Nf3 a4 48. Nd2 Bd3 49. Kf3 Be4+ 50. Kf2 Kg4 51. Nf1 Kf5 52. Nd2 Bh1 53. Ke2 Be4 54. Kf2 Bc2 55. Ke2 Kg4 56. Kf2 Bg6 57. Nf3 Bh5 58. Ne1 Kf5 59. Nc2 c5 60. dxc5 Kxe5 61. c6 Bg4 62. Nd4 Ke4 63. Nb5 Kd3 64. Nc7 Kc2 65. Nxd5 Kxb2 66. Nb6 Kxa3 67. Nxc4+ Kb3 68. Ne5 Be6 69. Nd3 Kc4 70. Nxf4 Bc8 71. Ne2 a3 72. Nc1 Kxc3 73. Ke3 Kb2 74. Nd3+ Kb1 75. Nb4 a2 76. Nxa2 Kxa2 77. Kd4 f5 78. Kc5 Kb3 79. Kd6 f4 0-1

[Event "Evpatoria tt U20"]
[Site "Evpatoria"]
[Date "2006.05.07"]
[Round "6"]
[White "Olenichev, Dmitriy"]
[Black "Shevtsov, Nikoliy"]
[Result "0-1"]
[WhiteElo "2101"]
[BlackElo "2279"]
[PlyCount "90"]
[EventDate "2006.05.05"]
[EventType "team"]
[EventRounds "7"]
[EventCountry "UKR"]
[SourceTitle "CBM 112 Extra"]
[Source "ChessBase"]
[SourceDate "2006.07.14"]
[SourceVersion "1"]
[SourceVersionDate "2006.07.14"]
[SourceQuality "1"]

1. e4 c5 2. Nf3 d6 3. d4 cxd4 4. Qxd4 a6 5. Be3 Nc6 6. Qb6 Qxb6 7. Bxb6 Bg4 8. Be2 Rc8 9. Nc3 Nf6 10. 0-0 e6 11. Rad1 Be7 12. Be3 Ne5 13. Nd4 Bxe2 14. Ndxe2 Nc4 15. Bc1 b5 16. f3 d5 17. exd5 b4 18. Na4 Nxd5 19. Kf2 Ncb6 20. Nxb6 Bc5+ 21. Kg3 Bxb6 22. c3 bxc3 23. Nxc3 Nxc3 24. bxc3 Rxc3 25. Bf4 Bc7 26. Bxc7 Rxc7 27. Rd6 Ra7 28. Rb1 Ke7 29. Rdb6 Rd8 30. a4 a5 31. R6b5 Rd4 32. Ra1 Rb4 33. Kf2 Rxb5 34. axb5 Kd7 35. Ke3 Kc7 36. Kd4 Kb6 37. Kc4 Rc7+ 38. Kd4 Rc2 39. Rg1 Kxb5 40. Ke5 a4 41. Kd6 a3 42. Rb1+ Rb2 43. Ra1 a2 44. Ke7 Rxg2 45. Kxf7 Kb4 0-1

[Event "Evpatoria tt U20"]
[Site "Evpatoria"]
[Date "2006.05.06"]
[Round "4"]
[White "Goroshchenko, Dmitry"]
[Black "Olenichev, Dmitriy"]
[Result "1/2-1/2"]
[WhiteElo "2219"]
[BlackElo "2101"]
[PlyCount "121"]
[EventDate "2006.05.05"]
[EventType "team"]
[EventRounds "7"]
[EventCountry "UKR"]
[SourceTitle "CBM 112 Extra"]
[Source "ChessBase"]
[SourceDate "2006.07.14"]
[SourceVersion "1"]
[SourceVersionDate "2006.07.14"]
[SourceQuality "1"]

1. e4 c5 2. c4 Nc6 3. Ne2 e6 4. Nbc3 Nf6 5. d4 cxd4 6. Nxd4 d6 7. Be2 Be7 8. 0-0 0-0 9. Be3 a6 10. f4 Qc7 11. Rc1 Re8 12. Bf3 Bf8 13. Nxc6 bxc6 14. c5 dxc5 15. Na4 e5 16. f5 Rb8 17. b3 Nd7 18. Qe1 Rb5 19. Rf2 Rd8 20. Rfc2 Bb7 21. Be2 Rb4 22. Bc4 Nf6 23. Bxc5 Rxa4 24. Bxf8 Rxc4 25. Rxc4 Rxf8 26. h3 Rd8 27. Rd1 h6 28. Rxd8+ Qxd8 29. Qb4 Qc7 30. Qc5 Ne8 31. Rb4 Qd6 32. Qb6 Bc8 33. Rc4 c5 34. Qxc5 Qxc5+ 35. Rxc5 Bb7 36. Rxe5 Nd6 37. Re7 Bxe4 38. Ra7 Bb7 39. a4 Kf8 40. b4 Ke8 41. b5 axb5 42. axb5 Kd7 43. g4 Kc7 44. Ra5 Kb6 45. Ra1 Kxb5 46. Rc1 Nc4 47. Rd1 Kc5 48. Rd8 Ne5 49. Rh8 Kd4 50. Rh7 Ke3 51. Rxg7 Kf3 52. Kf1 Kg3 53. Ke2 Bg2 54. g5 hxg5 55. Rxg5+ Kxh3 56. Ke3 f6 57. Rg7 Bd5 58. Kd4 Ba2 59. Kc5 Bb1 60. Kd6 Bxf5 61. Ke7 1/2-1/2

[Event "UKR-ch U14"]
[Site "Ternopol"]
[Date "2006.03.10"]
[Round "7"]
[White "Danilenko, Dmitriy"]
[Black "Olenichev, Dmitriy"]
[Result "1-0"]
[WhiteElo "1910"]
[BlackElo "2101"]
[PlyCount "99"]
[EventDate "2006.03.04"]
[EventType "tourn"]
[EventRounds "11"]
[EventCountry "UKR"]
[SourceTitle "CBM 111 Extra"]
[Source "ChessBase"]
[SourceDate "2006.05.09"]
[SourceVersion "1"]
[SourceVersionDate "2006.05.09"]
[SourceQuality "1"]

1. e4 c5 2. c3 d6 3. d4 Qc7 4. Bd3 Nf6 5. h3 e5 6. Nf3 g6 7. Na3 Nbd7 8. 0-0 a6 9. dxe5 dxe5 10. Bg5 Bg7 11. Bh4 0-0 12. g4 b5 13. c4 b4 14. Nc2 Bb7 15. Qe2 Rfe8 16. Bg3 Nf8 17. Rfd1 Rad8 18. Nce1 Qb8 19. Bc2 Rxd1 20. Rxd1 Qa8 21. Nd2 Ne6 22. f3 Nd4 23. Qf2 Bc6 24. Nb3 Nd7 25. Nd3 Qa7 26. Nxd4 exd4 27. Re1 a5 28. h4 a4 29. g5 Qa6 30. b3 axb3 31. axb3 Ra8 32. h5 Qc8 33. hxg6 hxg6 34. Kg2 Qd8 35. Bf4 Qe7 36. Qg3 Ra2 37. Re2 Qe8 38. Bd6 f5 39. e5 Qe6 40. Nf4 Qe8 41. e6 Ne5 42. Bxe5 Bxe5 43. Rxe5 Rxc2+ 44. Kh3 Qe7 45. Qh4 Be8 46. Nd5 Qg7 47. Nf6+ Kf8 48. Rd5 Bd7 49. exd7 Ke7 50. Re5+ 1-0

[Event "UKR-ch U14"]
[Site "Ternopol"]
[Date "2006.03.06"]
[Round "3"]
[White "Zherebukh, Yaroslav"]
[Black "Olenichev, Dmitriy"]
[Result "1-0"]
[WhiteElo "2301"]
[BlackElo "2101"]
[PlyCount "111"]
[EventDate "2006.03.04"]
[EventType "tourn"]
[EventRounds "11"]
[EventCountry "UKR"]
[SourceTitle "CBM 111 Extra"]
[Source "ChessBase"]
[SourceDate "2006.05.09"]
[SourceVersion "1"]
[SourceVersionDate "2006.05.09"]
[SourceQuality "1"]

1. e4 c5 2. b4 cxb4 3. a3 d5 4. exd5 Qxd5 5. Bb2 e5 6. Nf3 Nc6 7. c4 Qe6 8. Bd3 Bd6 9. 0-0 Nge7 10. Re1 f6 11. axb4 Nxb4 12. Be4 f5 13. Bd5 Nbxd5 14. cxd5 Qxd5 15. Bxe5 0-0 16. Nc3 Qc6 17. Qb3+ Kh8 18. Nd4 Qc5 19. Na4 Qxe5 20. Rxe5 Bxe5 21. Qb4 Ng6 22. Nb6 a5 23. Qc5 Rb8 24. Re1 Bxd4 25. Qxd4 f4 26. h4 Bg4 27. f3 Rbd8 28. Qf2 Bh5 29. Qc5 Rf6 30. Qxh5 Rxb6 31. Qxa5 Rbd6 32. h5 Nf8 33. Re7 h6 34. Qe5 Rf6 35. d4 b6 36. Rb7 Rd7 37. Rb8 Kg8 38. d5 Rdd6 39. Kf2 Rd7 40. Ke2 Rff7 41. Kd3 Rfe7 42. Qf5 Rf7 43. Qe6 b5 44. Qc6 Rc7 45. Qd6 Rc1 46. Rxb5 Rd1+ 47. Ke2 Rh1 48. Qe5 Rc1 49. Rb8 Rc2+ 50. Kf1 Rd2 51. Qe6 Rd3 52. d6 Re3 53. Qd5 Ra3 54. d7 Ra1+ 55. Kf2 Ra2+ 56. Qxa2 1-0